Accounting for leaseholders monies consultation (Record no. 117603)
[ view plain ]
| 000 -LEADER | |
|---|---|
| fixed length control field | 01066cam a2200229 4500 |
| 001 - CONTROL NUMBER | |
| control field | WB4025-15 |
| 008 - FIXED-LENGTH DATA ELEMENTS--GENERAL INFORMATION | |
| fixed length control field | 040629n2004 000 0 eng u |
| 035 ## - SYSTEM CONTROL NUMBER | |
| System control number | (Sirsi) u126617 |
| 245 ## - TITLE STATEMENT | |
| Title | Accounting for leaseholders monies consultation |
| 260 ## - PUBLICATION, DISTRIBUTION, ETC. | |
| Date of publication, distribution, etc. | 2004 |
| 490 ## - SERIES STATEMENT | |
| Series statement | ODPM Consultation Paper |
| Volume/sequential designation | 25 June 2004 (2) |
| 520 ## - SUMMARY, ETC. | |
| Summary, etc. | ODPM has published a further consultation paper seeking views on the provisions in the Commonhold and Leasehold Reform Act 2002 that make changes to the way service charge monies are held and to the information provided to service charge payers. The consultation period lasts from 25 June 2004 to 24 September 2004. The consultation is available at http://www.odpm.gov.uk/stellent/groups/odpm_housin g/documents/page/odpm_house_029348.hcsp. |
| 590 ## - LOCAL NOTE (RLIN) | |
| Local note | WB |
| 590 ## - LOCAL NOTE (RLIN) | |
| Local note | WB |
| 650 ## - SUBJECT ADDED ENTRY--TOPICAL TERM | |
| Topical term or geographic name entry element | LEASEHOLDERS MONIES |
| 650 ## - SUBJECT ADDED ENTRY--TOPICAL TERM | |
| Topical term or geographic name entry element | SERVICE CHARGES |
| 650 ## - SUBJECT ADDED ENTRY--TOPICAL TERM | |
| Topical term or geographic name entry element | TENANTS' RIGHTS |
| 650 ## - SUBJECT ADDED ENTRY--TOPICAL TERM | |
| Topical term or geographic name entry element | TENANTS OBLIGATIONS |
| 650 ## - SUBJECT ADDED ENTRY--TOPICAL TERM | |
| Topical term or geographic name entry element | COMMONHOLD AND LEASEHOLD REFORM ACT 2002 |
| 690 ## - LOCAL SUBJECT ADDED ENTRY--TOPICAL TERM (OCLC, RLIN) | |
| Topical term or geographic name as entry element | LANDLORD AND TENANT-LEASEHOLD REFORM |
| 942 ## - ADDED ENTRY ELEMENTS (KOHA) | |
| Suppress in OPAC | 0 |
| Withdrawn status | Lost status | Source of classification or shelving scheme | Damaged status | Not for loan | Home library | Current library | Shelving location | Date acquired | Total Checkouts | Full call number | Barcode | Date last seen | Copy number | Price effective from | Koha item type |
|---|---|---|---|---|---|---|---|---|---|---|---|---|---|---|---|
| Dewey Decimal Classification | London | London | News article | 29/06/2004 | WB4025-15 | 126617-1001 | 06/08/2019 | 1 | 06/08/2019 | News article |